Ekonomické mýty a manipulácia v médiách

Opis mechanizmu manipulácie s informáciami o ekonomických procesoch. Ide o mýty týkajúce sa ekonomickej krízy, trhu nehnuteľností, eura, zlata, ekonomických cyklov. Mýty sa zakladajú na téze pozostávajúcej z dvoch komponentov. Prvý komponent je pravdivý. Druhý pozostáva zo zmanipulovanej informácie.

Gespeichert in:
Bibliographische Detailangaben
1. Verfasser: Bačišin, Vladimír
Format: Buchkapitel
Sprache:Slowakisch
Schlagworte:
Tags: Tag hinzufügen
Keine Tags, Fügen Sie das erste Tag hinzu!

MARC

LEADER 00000nla a2200000 4500
001 0178220
005 20231121083428.8
041 0 |a slo 
044 |a SK 
245 1 0 |a Ekonomické mýty a manipulácia v médiách  |c Vladimír Bačišin 
520 |a Opis mechanizmu manipulácie s informáciami o ekonomických procesoch. Ide o mýty týkajúce sa ekonomickej krízy, trhu nehnuteľností, eura, zlata, ekonomických cyklov. Mýty sa zakladajú na téze pozostávajúcej z dvoch komponentov. Prvý komponent je pravdivý. Druhý pozostáva zo zmanipulovanej informácie. 
610 2 0 |a médiá 
610 2 0 |a informácie 
610 2 0 |a ekonómia 
100 1 |a Bačišin, Vladimír